000 00329nam a2200145Ia 4500
008 230312s9999||||xx |||||||||||||| ||und||
020 _a88-63-02003-8
082 _a779
_bDUC-E
100 _aDuca;Daniele
245 0 _aEstensione
260 _bDaniele
_aNew york
_c2008
300 _a112
650 _aArchitecture
942 _cBK
999 _c12073
_d12073